Concepts for reuse and recycling of construction and demolition waste /

Bibliographic Details
Main Author: Dolan, Patrick J.
Corporate Author: Construction Engineering Research Laboratories (U.S.)
Other Authors: Lampo, Richard G., Dearborn, Jacqueline C.
Format: Government Document Book
Language:English
Published: [Champaign, Ill.] : US Army Corps of Engineers, Construction Engineering Research Laboratories ; [1999]
Series:USACERL technical report ; 99/58.
Subjects:
Online Access:PURL accesses list of CERL technical reports from which a link may be made to the title desired

MARC

Tag First Indicator Second Indicator Subfields
LEADER 00000cam a22000007a 4500
001 in00000006893
008 991018s1999 ilu b f000 0 eng d
005 20230331144159.5
035 |a (OCoLC)ocm44770615 
035 |9 AJL3586AM 
035 |a in00000006893 
040 |a DGPO  |c DGPO  |d DLC  |d MvI  |d UtOrBLW 
049 |a UMIC  |a WWW 
074 |a 0335-A (MF) 
074 |a 0335-A (online) 
086 0 |a D 103.53:99/58 
100 1 |a Dolan, Patrick J. 
245 1 0 |a Concepts for reuse and recycling of construction and demolition waste /  |c by Patrick J. Dolan, Richard G. Lampo, and Jacqueline C. Dearborn. 
264 1 |a [Champaign, Ill.] :  |b US Army Corps of Engineers, Construction Engineering Research Laboratories ;  |c [1999] 
264 2 |a [Springfield, Va.] :  |b [National Technical Information Service, distributor], 
300 |a 1 volume 
336 |a text  |b txt  |2 rdacontent 
337 |a microform  |b h  |2 rdamedia 
338 |a microfiche  |b he  |2 rdacarrier 
490 1 |a CERL technical report ;  |v 99/58 
500 |a Shipping list number: 99-0949-M. 
500 |a Shipping List #: 1999-0949-M 
500 |a Shipping List Date: 10/25/1999 
530 |a Also available via Internet from the CERL web site (PDF file only). Address as of 8/11/2000: http://owww.cecer.army.mil/TechReports/lam%rere/lam%rere.flm.post.pdf; current access is available via PURL. 
533 |a Microfiche.  |b [Washington, D.C.] :  |c Supt. of Docs., U.S. G.P.O.,  |d [1999]  |e 2 microfiches. 
500 |a Microform. 
650 0 |a Construction and demolition debris. 
650 0 |a Recycling (Waste, etc.) 
700 1 |a Lampo, Richard G. 
700 1 |a Dearborn, Jacqueline C. 
710 2 |a Construction Engineering Research Laboratories (U.S.) 
830 0 |a USACERL technical report ;  |v 99/58. 
856 4 1 |u https://purl.fdlp.gov/GPO/LPS2941  |z PURL accesses list of CERL technical reports from which a link may be made to the title desired  |t 0 
999 |a MARS 
999 f f |i 29193346-c52a-3552-ac7b-567dba273783  |s 5d1bc6f4-ed5b-3f19-846d-f654bd13e71c  |t 0 
952 f f |p normal  |a Texas A&M University  |b College Station  |c Sterling C. Evans Library  |d Evans: US Documents Microfiche (3rd floor)  |t 0  |e D 103.53:99/58  |h Superintendent of Documents classification  |i microform -- microfiche  |m A14825517728 
952 f f |a Texas A&M University  |b College Station  |c Electronic Resources  |d Available Online  |t 0  |e D 103.53:99/58  |h Superintendent of Documents classification 
998 f f |a D 103.53:99/58  |t 0  |l Evans: US Documents Microfiche (3rd floor) 
998 f f |a D 103.53:99/58  |t 0  |l Available Online